=LDR 00000nam 2200000 4500 =001 INLIS000000000033255 =005 20170313154233.0 =006 =007 =008 ind =035 ##$$0010-061300000033255 =041 ##$$a ind =082 ##$$a 658 =090 ##$$a 658, Sia m =100 ##$$a Siagian, Sondang P =245 ##$$a Manajemen internasional, Sondang P. Siagian =260 ##$$a Jakarta $b Bumi aksara $c 2006 =300 ##$$a x,235 hlm, 23 cm =650 ##$$a Manajemen =850 ##$$a NBPNMAT =990 ##$$a 91810/BPAP-NTB/2014